000 00750nam a22001937a 4500
999 _c217446
_d217446
008 201130b ||||| |||| 00| 0 eng d
040 _bger
_cDE-2950
_erda
_aDE-2950
041 _ager
100 _aMahlke, Lisa:
245 _aZu Hause lernen.
_bCorona: Der siebenjährige Benno Krüger wurde mitten im Corona-Jahr 2020 in Booßen eingeschult. Wie hat er sein erstes Schuljahr erlebt und was hat er gelernt? /
653 _aFrankfurt (Oder)
653 _aPandemie/ Corona
653 _aSchule
773 _dFrankfurt (Oder): Märkisches Verlags- und Druckhaus GmbH & Co KG
_g32. Jahrgang (2021) Nr. 143 vom 23.06.2021, S.13: Foto
_tMärkische Oderzeitung
942 _cA